00516 2200205 4500245006800000020002200068250001100090100002500101700001200126650001000138650002400148650002200172650001400194005001900208260002600227041001400253084001100267300002300278336000900301 aStrategi Gila ! Menjadi Sales No. 1cMiyoshi AriefiansyahhText a978-602-9041-31-6 aCet. 1 aMiyoshi Ariefiansyah aAmy Ann aSales aManajemen Pemasaran aRencana Pemasaran aPenjualan a20230411091623 aBekasibLaskar Aksara aIndonesia a658.81 a134 hlm. :c21 cm. atext